Loading...
| Beliefs | 2 | 4 | 3 | 0 | 55 | 10 | 76.67 | 2 | 5 | 0.00 | 0.00 |
| Fine Arts - Auditory | 2 | 3 | 1 | 0 | 55 | 45 | 84.40 | 1 | 5 | 0.00 | 0.00 |
| Philosophy | 1 | 4 | 1 | 0 | 50 | 41 | 90.00 | 1 | 4 | 0.00 | 0.00 |
| Science - Physics | 2 | 2 | 2 | 0 | 40 | 57 | 82.25 | 2 | 4 | 0.00 | 0.00 |
| Literature - European | 1 | 2 | 0 | 0 | 35 | 62 | 88.33 | 1 | 2 | 0.00 | 0.00 |
| Fine Arts - Visual | 0 | 4 | 1 | 1 | 35 | 85 | 109.00 | 2 | 3 | 0.00 | 0.00 |
| Science - Biology | 0 | 4 | 1 | 0 | 35 | 90 | 102.25 | 0 | 4 | 0.00 | 0.00 |
| History - European | 1 | 2 | 1 | 1 | 30 | 34 | 99.33 | 1 | 2 | 0.00 | 0.00 |
| Current Events | 0 | 3 | 0 | 1 | 30 | 96 | 123.33 | 1 | 2 | 0.00 | 0.00 |
| History - World | 1 | 1 | 0 | 0 | 25 | 75 | 93.50 | 1 | 2 | 0.00 | 0.00 |
| Literature - British | 1 | 1 | 0 | 0 | 25 | 59 | 90.00 | 0 | 2 | 0.00 | 0.00 |
| 2 | 0 | 1 | 0 | 25 | 63 | 65.50 | 0 | 2 | 0.00 | 0.00 | |
| Science - Chemistry | 0 | 2 | 0 | 0 | 20 | 92 | 101.00 | 1 | 2 | 0.00 | 0.00 |
| Other Arts: Auditory | 0 | 2 | 0 | 0 | 20 | 101 | 101.50 | 2 | 2 | 0.00 | 0.00 |
| Chemistry> | 0 | 2 | 0 | 0 | 20 | 83 | 98.50 | 0 | 2 | 0.00 | 0.00 |
| Other Arts: Visual | 0 | 2 | 0 | 0 | 20 | 112 | 112.50 | 0 | 2 | 0.00 | 0.00 |
| Other Science: Math | 0 | 1 | 0 | 0 | 10 | 122 | 122.00 | 0 | 1 | 0.00 | 0.00 |
| Social Science | 0 | 1 | 1 | 0 | 5 | 118 | 118.00 | 0 | 1 | 0.00 | 0.00 |
| Literature - American | 0 | 1 | 1 | 0 | 5 | 108 | 108.00 | 0 | 1 | 0.00 | 0.00 |